000 00752nam a2200253 a 4500
001 42841
003 BD-RjUL
005 20211209053613.0
008 160616s1972 enka b 001 0 eng
020 _a0521082943 (h. cover)
020 _a0521096723 (pbk.)
035 _a(BD-RjUL)42959
040 _aDLC
_cDLC
_dDLC
_dBD-RjUL
_beng
041 _aeng
082 0 0 _a332.041
_223
_bHAR 1972
100 1 _aHarcourt, G. C.
_9131329
245 1 0 _aSome Cambridge controversies in the theory of capital /
_cby, G. C. Harcourt.
260 _aCambridge :
_bUniversity Press,
_c1972.
300 _ax, 272 p. :
_bill ;
_c22 cm.
500 _aIncludes Index
650 0 _aCapital.
_9131622
650 0 _aCapital
_xMathematical models.
_9131623
942 _2ddc
_cBK
999 _c42841
_d42841